المعرفة عند الحكيم الترمذي / (Record no. 14197)
[ view plain ]
| 000 -LEADER | |
|---|---|
| fixed length control field | 00940nam a22001817a 4500 |
| 008 - FIXED-LENGTH DATA ELEMENTS--GENERAL INFORMATION | |
| fixed length control field | 100623t xxu||||| |||| 00| 0 eng d |
| 082 ## - DEWEY DECIMAL CLASSIFICATION NUMBER | |
| Edition number | 22 |
| Classification number | 269.9255 |
| Item number | ح س ي |
| 100 ## - MAIN ENTRY--PERSONAL NAME | |
| 9 (RLIN) | 15152 |
| Personal name | الحسيني، عبد المحسن |
| 245 ## - TITLE STATEMENT | |
| Title | المعرفة عند الحكيم الترمذي / |
| Statement of responsibility, etc | عبد المحسن الحسيني |
| 260 ## - PUBLICATION, DISTRIBUTION, ETC. (IMPRINT) | |
| Place of publication, distribution, etc | القاهرة : |
| Name of publisher, distributor, etc | دار الكاتب العربي للطباعة والنشر، [ د.ت] |
| Date of publication, distribution, etc | [ د.ت] |
| 300 ## - PHYSICAL DESCRIPTION | |
| Extent | 461 ص ؛ |
| Dimensions | 24 سم |
| 504 ## - BIBLIOGRAPHY, ETC. NOTE | |
| Bibliography, etc | ببليوجرافية: 460- 461 |
| 600 ## - SUBJECT ADDED ENTRY--PERSONAL NAME | |
| 9 (RLIN) | 15154 |
| Personal name | الحكيم الترمذي |
| Dates associated with a name | - 285 ه |
| Fuller form of name | محمد بن علي بن الحسن بن بشير الترمذي |
| 650 ## - SUBJECT ADDED ENTRY--TOPICAL TERM | |
| 9 (RLIN) | 8297 |
| Topical term or geographic name as entry element | التصوف. |
| 650 ## - SUBJECT ADDED ENTRY--TOPICAL TERM | |
| 9 (RLIN) | 15156 |
| Topical term or geographic name as entry element | المتصوفون الايرانيون |
| 942 ## - ADDED ENTRY ELEMENTS (KOHA) | |
| Source of classification or shelving scheme | Dewey Decimal Classification |
| Item type | Book - Borrowing |
| Withdrawn status | Item status | Source of classification or shelving scheme | Damaged status | Not for loan | Vendor | Home library | Current library | Shelving location | Date acquired | Source of acquisition | Total Checkouts | Full call number | Barcode | Date last seen | Koha item type |
|---|---|---|---|---|---|---|---|---|---|---|---|---|---|---|---|
| Dewey Decimal Classification | Central Library | Central Library | Lower Floor | 23/06/2010 | 269.9255 الح | 000021164 | 15/07/2025 | Book - Borrowing |